00601nam a22001937a 4500003000500000005001700005008004100022010001000063011001000073035001000083040000900093100002300102245008300125260007000208300000900278490003000287650006000317830003000377CHAP20220920175804.0971013s r 00010 d a22961 a23933 a28030 cCHAP00aDurán, José J. aImportancia de las substancias nutritivas en la alimentación de los animales aCd. Juárez, Chih. :bEscuela Particular de Agricultura,c(s.a.) a8 p. aBoletín 2a. seriev; 6414aAlimentos y alimentación del ganadoxValor nutritivo.0 aBoletín 2a. seriev; 64